1920 1424 1145 1668 1841 1156 1607 1754 1323 1086 1826 1184 1982 1153 1108 1232 1220 1639 1366 1029 1175 1789 1934 1259 1614 1844 1390 1656 1967 1031 1082 1102 1920 1668 1048 1493 1883 1005 1825 1072 1610 1879 1944 1372 1343 1985 1667 1728 1828 1873 1092 1099 1647 1790 1370 1911 1778 1981 1323 1631 1756 1092 1702 1008 1216 1406 1246 1283 1611 1365 1935 1961 1064 1433 1292 1054 1679 1471 1968 1911 1361 1492 1823 1500 1848 1414 1140 1495 1315 1592 1992 1656 1793 1051 1606 1945 1279 1574 1211 BCNSPRNW ULIB Ver.6.0+V

เปลี่ยนเป็นภาษาไทย

Change to English
 แสดงรายละเอียดบรรณานุกรม
  กลับหน้าหลัก

Brief Record : Get Marc (ISO 2709) : E-mail record : QR code < ปิดหน้าต่าง
LEADER : 00000nam 2200000uu 4500
001    13399109906
003     ULIB
008    110418s2549||||th 000 0 tha d
020    9749484029
020    9789749484029
060 04 WT100^bส665ร 2549
245 00 รู้ทัน--วัยทอง /^cสายัณห์ สวัสดิ์ศรี ... [และคนอื่นๆ] ;บรรณาธิการ, ประภาส เที่ยงธรรม
246 14 รู้ทันวัยทอง
246 30 รู้ทัน...วัยทอง
250    พิมพ์ครั้งที่ 1
260    กรุงเทพฯ :^bเรือนปัญญา,^c2549
300    162 หน้า :^bภาพประกอบ ;^c21 ซม.
650  7 สุขภาพและอนามัย
650  7 ผู้สูงอายุ
650  7 วัยชรา
650  7 ผู้ชายวัยทอง
650  7 ผู้หญิงวัยทอง
700 0  สายัณห์ สวัสดิ์ศรี
700 0  ประภาส เที่ยงธรรม,^eบรรณาธิการ
945    ^p135^l0^i020031
945    ^p135^l0^i020030
945    ^p135^l0^i020029
995    เกษร
999 ^a ใช้งานได้ทุกระบบ
รายการนี้ยังไม่มีแท็ก
คุณยังไม่ได้ล็อกอิน คุณสามารถมีกิจกรรมร่วมกับเว็บไซต์ได้ แต่ต้องล็อกอินก่อน ::
  ล็อกอิน

รายการสื่อสารสนเทศ

ลำดับที่ ประเภท เลขเรียก/บาร์โค้ด สถานที่ สถานะ
- ไม่พบข้อมูล -

รายการใกล้เคียง
    หัวเรื่อง [สุขภาพและอนามัย]
    หัวเรื่อง [ผู้สูงอายุ]
    หัวเรื่อง [วัยชรา]
    หัวเรื่อง [ผู้ชายวัยทอง]
    หัวเรื่อง [ผู้หญิงวัยทอง]

BibComment


ยังไม่เคยถูกคอมเมนท์

คอมเมนท์ทรัพยากรรายการนี้
  คอมเมนท์: รู้ทันวัยทอง สาย..


 Copyright 2026. Bcnsprnw @Library